[Event "1st FIDE OWCCCC Pools-East 2021"]
[Site "Online"]
[Date "2021.02.19"]
[Round "3.46"]
[White "Arul, Arjun"]
[Black "Verma, Saksham"]
[Result "1-0"]
[WhiteElo "1584"]
[BlackElo "1348"]
[Annotator "NA RC"]
[PlyCount "131"]
[EventDate "2021.02.19"]
[EventType "team-tourn"]
[EventCountry "NET"]
[SourceTitle "playchess.com"]
[Source "ChessBase"]
[SourceQuality "1"]

1. d4 d5 2. Nc3 Nf6 3. Qd3 Nc6 4. Bf4 Nb4 5. Qb5+ Nc6 6. O-O-O e6 7. a3 Bd6 8. Nh3 O-O 9. f3 a6 10. Qd3 Nh5 11. Bxd6 Qxd6 12. e4 Nf4 13. Nxf4 Qxf4+ 14. Kb1 b6 15. exd5 exd5 16. Nxd5 Qd6 17. Ne3 Rd8 18. c3 a5 19. g4 Ba6 20. Qe4 Re8 21. Nf5 Rxe4 22. Nxd6 Re6 23. Bxa6 Rxd6 24. Bb5 Rad8 25. Rhe1 Kf8 26. Re4 Ne7 27. Rde1 c6 28. Bd3 b5 29. Rxe7 g6 30. h4 Rf6 31. R7e3 a4 32. h5 Rfd6 33. hxg6 hxg6 34. Rh1 Kg7 35. f4 c5 36. Bxb5 cxd4 37. cxd4 Rxd4 38. Rf3 Rd2 39. Bxa4 Rg2 40. g5 Rdd2 41. Rb3 Rdf2 42. Rh4 Rg1+ 43. Ka2 Rff1 44. Rc3 Ra1+ 45. Kb3 Rg2 46. Bc6 Rd2 47. a4 Rb1 48. Rc2 Rd3+ 49. Ka2 Rdd1 50. Rhh2 Ra1+ 51. Kb3 Rd3+ 52. Kb4 Rd4+ 53. Rc4 Rd8 54. b3 Rb8+ 55. Bb5 Re1 56. Rf2 Re6 57. a5 Re7 58. a6 Ra7 59. Ka5 Kf8 60. Rd4 Ke7 61. Re2+ Kf8 62. Rd7 Rxd7 63. Bxd7 Rxb3 64. Rf2 Ra3+ 65. Kb6 Ra4 66. Bxa4 1-0

[Event "1st FIDE OWCCCC Pools-East 2021"]
[Site "Online"]
[Date "2021.02.19"]
[Round "3.46"]
[White "Chandler, Harry"]
[Black "Arora, Sanjari"]
[Result "1-0"]
[WhiteElo "1456"]
[BlackElo "373"]
[Annotator "NA RC"]
[PlyCount "51"]
[EventDate "2021.02.19"]
[EventType "team-tourn"]
[EventCountry "NET"]
[SourceTitle "playchess.com"]
[Source "ChessBase"]
[SourceQuality "1"]

1. e4 e5 2. Qh5 Nf6 3. Qxe5+ Be7 4. Bc4 O-O 5. Qf5 d5 6. Qf3 dxc4 7. e5 Nc6 8. Nc3 Nxe5 9. Qd1 Bf5 10. Nge2 b5 11. Nxb5 c6 12. Nbd4 Bg6 13. f4 Ned7 14. Nxc6 Rc8 15. Ned4 Qa5 16. Nxe7+ Kh8 17. Nxc8 Rxc8 18. O-O c3 19. dxc3 Rc5 20. f5 Bh5 21. Qe1 Re5 22. Qh4 g5 23. Qxg5 Rxf5 24. Nxf5 Qc5+ 25. Kh1 Ng4 26. Qg7# 1-0

[Event "1st FIDE OWCCCC Pools-East 2021"]
[Site "Online"]
[Date "2021.02.19"]
[Round "3.47"]
[White "Vecera, Petr"]
[Black "Kothari, Tejas"]
[Result "0-1"]
[WhiteElo "2019"]
[BlackElo "1900"]
[Annotator "TA"]
[PlyCount "64"]
[EventDate "2021.02.19"]
[EventType "team-tourn"]
[EventCountry "NET"]
[SourceTitle "playchess.com"]
[Source "ChessBase"]
[SourceQuality "1"]

1. d4 d5 2. Bf4 c5 3. e3 Nf6 4. Nf3 Bg4 5. c3 Nc6 6. Be2 e6 7. Nbd2 Nh5 8. Nb3 Nxf4 9. exf4 cxd4 10. Nfxd4 Bxe2 11. Qxe2 Bd6 12. f5 e5 13. Nb5 O-O 14. Nxd6 Qxd6 15. O-O Qf6 16. Qb5 d4 17. Qxb7 Rab8 18. Qa6 Rfe8 19. Nc5 Rb6 20. Qb5 Rxb5 21. Nd3 Qxf5 22. b4 Qxd3 23. Rac1 dxc3 24. Rfd1 Qc4 25. h3 c2 26. Rd2 Nxb4 27. Ra1 c1=Q+ 28. Rxc1 Qxc1+ 29. Kh2 Qxd2 30. g3 Qxf2+ 31. Kh1 Nxa2 32. g4 Rb1# 0-1

[Event "1st FIDE OWCCCC Pools-East 2021"]
[Site "Online"]
[Date "2021.02.19"]
[Round "3.47"]
[White "Harazha, Maksym"]
[Black "Manukonda Arun"]
[Result "0-1"]
[WhiteElo "1325"]
[BlackElo "2033"]
[Annotator "TA"]
[PlyCount "50"]
[EventDate "2021.02.19"]
[EventType "team-tourn"]
[EventCountry "NET"]
[SourceTitle "playchess.com"]
[Source "ChessBase"]
[SourceQuality "1"]

1. e4 c5 2. Nf3 d6 3. c3 Nf6 4. e5 dxe5 5. Nxe5 a6 6. g3 Qd5 7. Nf3 Bg4 8. Bg2 Nc6 9. O-O Qh5 10. d4 cxd4 11. cxd4 O-O-O 12. Qb3 Be6 13. Qb6 Nd7 14. Qxd8+ Nxd8 15. Nc3 Nb6 16. Ne2 Bg4 17. Nf4 Qb5 18. Be3 f6 19. Rfc1+ Kb8 20. Rc5 Qd7 21. Rac1 e6 22. Nd2 Bxc5 23. Rxc5 Na4 24. Rc4 Nxb2 25. Ra4 Nxa4 0-1

[Event "1st FIDE OWCCCC Pools-East 2021"]
[Site "Online"]
[Date "2021.02.19"]
[Round "3.47"]
[White "Levitan, Liel"]
[Black "Pandey, Ravikant"]
[Result "1-0"]
[WhiteElo "1097"]
[BlackElo "1691"]
[Annotator "NA RC"]
[PlyCount "47"]
[EventDate "2021.02.19"]
[EventType "team-tourn"]
[EventCountry "NET"]
[SourceTitle "playchess.com"]
[Source "ChessBase"]
[SourceQuality "1"]

1. e4 e5 2. Nf3 Nc6 3. Bc4 d6 4. d4 exd4 5. Nxd4 Bd7 6. O-O Nf6 7. Nc3 Be7 8. Be3 O-O 9. Qd3 Ne5 10. Qe2 a6 11. Bb3 Re8 12. Rad1 Neg4 13. Nf5 Nxe3 14. fxe3 Bf8 15. Rf3 Nxe4 16. Nxe4 Rxe4 17. Qd3 Re5 18. e4 Bc6 19. Qc4 Qd7 20. Rg3 Bxe4 21. Nh6+ Kh8 22. Nxf7+ Kg8 23. Nh6+ Kh8 24. Qg8# 1-0

[Event "1st FIDE OWCCCC Pools-East 2021"]
[Site "Online"]
[Date "2021.02.19"]
[Round "3.47"]
[White "Sharma, Rishabh"]
[Black "Duin, Laurens"]
[Result "0-1"]
[WhiteElo "346"]
[BlackElo "1981"]
[Annotator "TA"]
[PlyCount "58"]
[EventDate "2021.02.19"]
[EventType "team-tourn"]
[EventCountry "NET"]
[SourceTitle "playchess.com"]
[Source "ChessBase"]
[SourceQuality "1"]

1. e4 c5 2. Nf3 d6 3. d4 a6 4. Nc3 Nc6 5. Bc4 f6 6. Bf4 b5 7. b3 bxc4 8. b4 Nxb4 9. Rb1 Bb7 10. Qe2 g5 11. Bxg5 fxg5 12. Qe3 Nxc2+ 13. Kf1 Nxe3+ 14. fxe3 Rb8 15. Nxg5 e5 16. Ne6 Qf6+ 17. Ke2 Qxe6 18. Rhf1 Qg4+ 19. Kd2 Qxg2+ 20. Ke1 Bxe4 21. Rxb8+ Kd7 22. Rb7+ Ke6 23. Rf2 Qg1+ 24. Rf1 Qg3+ 25. Kd1 Qg4+ 26. Ke1 Bxb7 27. Ne2 Bg2 28. h3 Qxh3 29. Rxf8 Qh1+ 0-1

[Event "1st FIDE OWCCCC Pools-East 2021"]
[Site "Online"]
[Date "2021.02.19"]
[Round "3.48"]
[White "Anand, Ashish"]
[Black "Liberdova, Armana"]
[Result "1-0"]
[WhiteElo "1898"]
[BlackElo "227"]
[Annotator "NA RC"]
[PlyCount "41"]
[EventDate "2021.02.19"]
[EventType "team-tourn"]
[EventCountry "NET"]
[SourceTitle "playchess.com"]
[Source "ChessBase"]
[SourceQuality "1"]

1. e4 d6 2. d4 Nc6 3. Nf3 Bg4 4. c3 b5 5. Bxb5 a5 6. Bxc6+ Bd7 7. Bxa8 Qxa8 8. Qd3 Nf6 9. Nbd2 Ng4 10. h3 Nxf2 11. Kxf2 h5 12. Re1 Rh6 13. e5 Re6 14. d5 dxe5 15. dxe6 fxe6 16. Ne4 g6 17. Neg5 Bh6 18. Qxg6+ Kf8 19. Qxh6+ Kg8 20. Qh7+ Kf8 21. Qf7# 1-0

[Event "1st FIDE OWCCCC Pools-East 2021"]
[Site "Online"]
[Date "2021.02.19"]
[Round "3.48"]
[White "Pandey, Sheetal"]
[Black "sgl"]
[Result "0-1"]
[WhiteElo "1316"]
[BlackElo "1703"]
[Annotator "NA RC"]
[PlyCount "38"]
[EventDate "2021.02.19"]
[EventType "team-tourn"]
[EventCountry "NET"]
[SourceTitle "playchess.com"]
[Source "ChessBase"]
[SourceQuality "1"]

1. d4 d5 2. Bf4 Nf6 3. e3 e6 4. Nc3 Nc6 5. a3 Be7 6. h3 O-O 7. Nf3 Re8 8. Bd3 Nd7 9. O-O Bf6 10. Re1 e5 11. dxe5 Ndxe5 12. Nxe5 Nxe5 13. Be2 Ng6 14. Nxd5 Nxf4 15. Nxf6+ Qxf6 16. exf4 Qxf4 17. c3 Qg5 18. Bf3 Bxh3 19. Be2 Qxg2# 0-1

[Event "1st FIDE OWCCCC Pools-East 2021"]
[Site "Online"]
[Date "2021.02.19"]
[Round "3.48"]
[White "Sridhar V"]
[Black "Shumilova, Valerija"]
[Result "1-0"]
[WhiteElo "1122"]
[BlackElo "699"]
[Annotator "NA RC"]
[PlyCount "115"]
[EventDate "2021.02.19"]
[EventType "team-tourn"]
[EventCountry "NET"]
[SourceTitle "playchess.com"]
[Source "ChessBase"]
[SourceQuality "1"]

1. d4 d5 2. Nf3 Nf6 3. e3 Nc6 4. c3 Bf5 5. Nbd2 Ne4 6. Bb5 a6 7. Bxc6+ bxc6 8. Ne5 Qc8 9. Qa4 Qe6 10. Qxc6+ Qxc6 11. Nxc6 e6 12. f3 Nxd2 13. Bxd2 Kd7 14. Ne5+ Ke7 15. g4 Bc2 16. Rc1 Bg6 17. h4 f6 18. Nxg6+ hxg6 19. Kf2 Rb8 20. b3 f5 21. g5 Kd7 22. f4 Ba3 23. Rc2 a5 24. Bc1 Bxc1 25. Rcxc1 a4 26. b4 c5 27. dxc5 Rbe8 28. a3 e5 29. Rcd1 Kc6 30. Kg3 exf4+ 31. exf4 Re3+ 32. Kf2 Rxc3 33. Ra1 Rc2+ 34. Ke3 Rc3+ 35. Kd4 Rc4+ 36. Kd3 Rxf4 37. Rae1 Rfxh4 38. Rxh4 Rxh4 39. Re6+ Kb5 40. Rxg6 Rh3+ 41. Kd4 Rxa3 42. Kxd5 Kxb4 43. c6 Rc3 44. Kd6 a3 45. Rxg7 a2 46. Ra7 Ra3 47. Rb7+ Ka4 48. c7 a1=Q 49. c8=Q Qd4+ 50. Ke6 Re3+ 51. Kxf5 Qe4+ 52. Kf6 Qe5+ 53. Kg6 Qd6+ 54. Kh5 Rh3+ 55. Kg4 Qg3+ 56. Kf5 Qf3+ 57. Kg6 Qg3 58. Qa8# 1-0

[Event "1st FIDE OWCCCC Pools-East 2021"]
[Site "Online"]
[Date "2021.02.19"]
[Round "3.48"]
[White "Shital, Shiva"]
[Black "Yash Shah"]
[Result "0-1"]
[WhiteElo "352"]
[BlackElo "1623"]
[Annotator "NA RC"]
[PlyCount "44"]
[EventDate "2021.02.19"]
[EventType "team-tourn"]
[EventCountry "NET"]
[SourceTitle "playchess.com"]
[Source "ChessBase"]
[SourceQuality "1"]

1. g4 e5 2. Bg2 d5 3. b3 Bd6 4. Ba3 Bxa3 5. Nxa3 Qe7 6. Bxd5 Nf6 7. Be6 fxe6 8. Nb1 e4 9. f3 exf3 10. exf3 Nc6 11. Nc3 a6 12. a3 Bd7 13. Qc1 O-O-O 14. h3 Ne5 15. f4 Nc6 16. Nb1 Ne4 17. d3 Ng3 18. Qd2 Nd4 19. Qd1 Nxh1 20. Ne2 Nf3+ 21. Kf1 Qc5 22. Qd2 Qf2# 0-1

[Event "1st FIDE OWCCCC Pools-East 2021"]
[Site "Online"]
[Date "2021.02.19"]
[Round "3.49"]
[White "Orskaya, Mustafa Hakan"]
[Black "Lylov, Igor"]
[Result "1/2-1/2"]
[WhiteElo "1698"]
[BlackElo "2305"]
[Annotator "TA"]
[PlyCount "112"]
[EventDate "2021.02.19"]
[EventType "team-tourn"]
[EventCountry "NET"]
[SourceTitle "playchess.com"]
[Source "ChessBase"]
[SourceQuality "1"]

1. e4 d6 2. Nf3 g6 3. d4 Bg7 4. c4 c5 5. Nc3 cxd4 6. Nxd4 Nc6 7. Be3 Nf6 8. f3 O-O 9. Be2 e5 10. Nxc6 bxc6 11. Qd2 Qc7 12. O-O Be6 13. Rac1 Rad8 14. Bh6 Bxh6 15. Qxh6 Qb6+ 16. Rf2 Qxb2 17. Bf1 Qb6 18. Rb1 Qa5 19. Qe3 Nd7 20. Kh1 Nb6 21. f4 exf4 22. Rxf4 Bxc4 23. Rxb6 axb6 24. Bxc4 d5 25. exd5 cxd5 26. Bb3 Rde8 27. Qd2 Rc8 28. Rf3 Rfd8 29. h3 Rc5 30. Rd3 Rdc8 31. Nxd5 Rc1+ 32. Kh2 Qc5 33. Nf6+ Kg7 34. Qb2 Qg1+ 35. Kg3 Qe1+ 36. Qf2 Qxf2+ 37. Kxf2 Kxf6 38. Rd7 R8c7 39. Rd6+ Ke5 40. Rxb6 f5 41. Re6+ Kf4 42. g3+ Kg5 43. Re8 R7c2+ 44. Bxc2 Rxc2+ 45. Re2 Rc7 46. a4 Ra7 47. Ra2 Kf6 48. Kf3 Ke5 49. g4 fxg4+ 50. hxg4 h5 51. gxh5 gxh5 52. Kg3 Kd4 53. Kh4 Kc4 54. Kxh5 Kb4 55. a5 Rxa5+ 56. Rxa5 Kxa5 1/2-1/2

[Event "1st FIDE OWCCCC Pools-East 2021"]
[Site "Online"]
[Date "2021.02.19"]
[Round "3.49"]
[White "Bangalore Seshadri, Keshavaprasad"]
[Black "Malik, Anjali"]
[Result "1-0"]
[WhiteElo "1092"]
[BlackElo "1333"]
[Annotator "NA RC"]
[PlyCount "71"]
[EventDate "2021.02.19"]
[EventType "team-tourn"]
[EventCountry "NET"]
[SourceTitle "playchess.com"]
[Source "ChessBase"]
[SourceQuality "1"]

1. e4 e6 2. d4 d5 3. Nc3 c6 4. e5 Ne7 5. Nf3 Ng6 6. Bg5 Be7 7. Bxe7 Qxe7 8. Bd3 O-O 9. h4 Nf4 10. g3 Nxd3+ 11. Qxd3 b5 12. Ng5 g6 13. f4 f6 14. exf6 Qxf6 15. h5 e5 16. hxg6 hxg6 17. Nh7 Qf5 18. Nxf8 e4 19. Qe2 Qxf8 20. Qh2 Qg7 21. Kd2 Qxd4+ 22. Ke2 Bg4+ 23. Kf1 Qc4+ 24. Kf2 Qd4+ 25. Kf1 Bh5 26. Qh3 Qc4+ 27. Kf2 Na6 28. Qe6+ Kf8 29. Qd6+ Ke8 30. Qe6+ Kd8 31. Qg8+ Kc7 32. Qxa8 b4 33. Qxa7+ Kd6 34. Na4 Qe2+ 35. Kg1 Bf3 36. Rh2 1-0

[Event "1st FIDE OWCCCC Pools-East 2021"]
[Site "Online"]
[Date "2021.02.19"]
[Round "3.50"]
[White "Yang, Alexander Z"]
[Black "Yekeler, Omer"]
[Result "0-1"]
[WhiteElo "1630"]
[BlackElo "1443"]
[Annotator "NA RC"]
[PlyCount "84"]
[EventDate "2021.02.19"]
[EventType "team-tourn"]
[EventCountry "NET"]
[SourceTitle "playchess.com"]
[Source "ChessBase"]
[SourceQuality "1"]

1. e4 c5 2. Nf3 d6 3. d4 cxd4 4. Nxd4 Nf6 5. Nc3 a6 6. a4 e5 7. Nb3 Be7 8. Be2 O-O 9. O-O Be6 10. Bg5 Nbd7 11. f4 Qb6+ 12. Kh1 exf4 13. Bxf4 Ne5 14. a5 Qb4 15. Nd5 Nxd5 16. exd5 Bd7 17. Bxe5 dxe5 18. c3 Qe4 19. Bf3 Qg6 20. Qe2 Bd6 21. c4 Qh6 22. h3 Rac8 23. Nd2 Rfe8 24. Ne4 Bb8 25. Bg4 Bxg4 26. Qxg4 Kf8 27. Ng5 f6 28. Ne6+ Kf7 29. Rf5 g6 30. Rf2 f5 31. Raf1 Ke7 32. Qe2 e4 33. Qc2 Bg3 34. Re2 Kf6 35. c5 f4 36. Qxe4 Rxc5 37. Qe5+ Kf7 38. Nd8+ Rxd8 39. Qe7+ Kg8 40. Qxd8+ Kg7 41. Re7+ Kf6 42. Qd6+ Kf5 0-1

[Event "1st FIDE OWCCCC Pools-East 2021"]
[Site "Online"]
[Date "2021.02.19"]
[Round "3.50"]
[White "Sushant Sharma"]
[Black "Rishabh Jain"]
[Result "1-0"]
[WhiteElo "1089"]
[BlackElo "1771"]
[Annotator "NA RC"]
[PlyCount "131"]
[EventDate "2021.02.19"]
[EventType "team-tourn"]
[EventCountry "NET"]
[SourceTitle "playchess.com"]
[Source "ChessBase"]
[SourceQuality "1"]

1. d4 c6 2. c4 d5 3. Nf3 Nf6 4. Nc3 Bf5 5. Bg5 h6 6. Bf4 e6 7. a3 Nbd7 8. e3 c5 9. Bd3 Bg4 10. h3 Bxf3 11. Qxf3 cxd4 12. exd4 Nb6 13. c5 Nbd7 14. O-O Rc8 15. Nb5 a6 16. Nd6+ Bxd6 17. Bxd6 Rc6 18. Qg3 g5 19. b4 Ne4 20. Bxe4 dxe4 21. Qg4 Nf6 22. Qe2 Rxd6 23. cxd6 Qxd6 24. Rad1 O-O 25. f3 Qd5 26. fxe4 Nxe4 27. Rd3 f5 28. Qh5 Kg7 29. h4 Rd8 30. hxg5 hxg5 31. Rc1 Rd7 32. Rc8 Nf6 33. Qh8+ Kg6 34. Rf8 Rg7 35. Qh3 Qa2 36. Rh8 Rh7 37. Rxh7 Nxh7 38. d5 g4 39. Qe3 e5 40. d6 Qb1+ 41. Kh2 Nf6 42. d7 Nxd7 43. Rxd7 Qe4 44. Qxe4 fxe4 45. Kg3 Kf5 46. Rxb7 e3 47. Rc7 Ke4 48. Rc1 Kd3 49. Kxg4 e2 50. Kf3 Kd2 51. Ra1 e4+ 52. Kf2 e3+ 53. Kf3 Kd3 54. g4 a5 55. b5 a4 56. b6 Kd2 57. b7 e1=Q 58. Rxe1 e2 59. Rxe2+ Kd1 60. Ke3 Kc1 61. Kd3 Kd1 62. Rh2 Kc1 63. Kc3 Kd1 64. Kd3 Kc1 65. b8=Q Kd1 66. Qb1# 1-0

[Event "1st FIDE OWCCCC Pools-East 2021"]
[Site "Online"]
[Date "2021.02.19"]
[Round "3.51"]
[White "Huijsdens, Leon"]
[Black "Satapathy, Ankit"]
[Result "0-1"]
[WhiteElo "754"]
[BlackElo "1309"]
[Annotator "NA RC"]
[PlyCount "70"]
[EventDate "2021.02.19"]
[EventType "team-tourn"]
[EventCountry "NET"]
[SourceTitle "playchess.com"]
[Source "ChessBase"]
[SourceQuality "1"]

1. d4 Nf6 2. c4 g6 3. Nc3 d5 4. cxd5 Nxd5 5. e4 Nxc3 6. bxc3 Bg7 7. Bc4 c6 8. Ne2 Nd7 9. O-O O-O 10. Be3 b5 11. Bb3 Bb7 12. Qd2 c5 13. f3 a5 14. Rad1 c4 15. Bc2 b4 16. cxb4 axb4 17. Qxb4 Rxa2 18. Qxc4 Ra3 19. Bc1 Ba6 20. Qb4 Ra2 21. Qb3 Qa5 22. Bd2 Qb6 23. Qxa2 Bxe2 24. Ba5 Ra8 25. Qd5 Qxa5 26. Qxd7 Bxf1 27. Rxf1 Qc3 28. Qd5 Rb8 29. Bd1 Bxd4+ 30. Kh1 Qd3 31. Re1 Rb1 32. Qd8+ Kg7 33. h4 Rxd1 34. Rxd1 Qxd1+ 35. Kh2 Be5+ 0-1

[Event "1st FIDE OWCCCC Pools-East 2021"]
[Site "Online"]
[Date "2021.02.19"]
[Round "3.51"]
[White "Aktug, Ecegul"]
[Black "Mikhailovsky, Sergey"]
[Result "0-1"]
[WhiteElo "591"]
[BlackElo "1604"]
[Annotator "NA RC"]
[PlyCount "62"]
[EventDate "2021.02.19"]
[EventType "team-tourn"]
[EventCountry "NET"]
[SourceTitle "playchess.com"]
[Source "ChessBase"]
[SourceQuality "1"]

1. e4 e5 2. Nf3 d6 3. Bc4 Nf6 4. Nc3 Bg4 5. h3 Bxf3 6. gxf3 Nc6 7. f4 Qe7 8. fxe5 dxe5 9. d4 exd4 10. Nd5 Qxe4+ 11. Qe2 Qxe2+ 12. Kxe2 Nxd5 13. Bxd5 f6 14. Bf4 O-O-O 15. Rad1 Rxd5 16. Rhg1 g5 17. Bh2 h5 18. h4 g4 19. f3 f5 20. fxg4 fxg4 21. c3 Bh6 22. b4 Re8+ 23. Kf1 Be3 24. c4 Rf5+ 25. Kg2 Nxb4 26. Rgf1 Ref8 27. Bf4 Rxf4 28. a3 Rxf1 29. Rd3 Nxd3 30. c5 R8f2+ 31. Kg3 Bf4# 0-1

[Event "1st FIDE OWCCCC Pools-East 2021"]
[Site "Online"]
[Date "2021.02.19"]
[Round "3.51"]
[White "Sharma, Nishtha"]
[Black "Abhinav Bansal"]
[Result "0-1"]
[WhiteElo "589"]
[BlackElo "1464"]
[Annotator "NA RC"]
[PlyCount "48"]
[EventDate "2021.02.19"]
[EventType "team-tourn"]
[EventCountry "NET"]
[SourceTitle "playchess.com"]
[Source "ChessBase"]
[SourceQuality "1"]

1. e4 d5 2. Nc3 d4 3. Nd5 c6 4. Nf4 e5 5. Nf3 exf4 6. Bc4 Be6 7. d3 Nf6 8. Bxf4 Bb4+ 9. c3 dxc3 10. bxc3 Bxc3+ 11. Nd2 Bxa1 12. Qxa1 Bxc4 13. Nxc4 O-O 14. O-O Qxd3 15. Ne5 Qxe4 16. g3 Nbd7 17. Nxd7 Nxd7 18. Qd1 Nf6 19. Bd6 Rfd8 20. f3 Qe6 21. Re1 Qxd6 22. Qd2 Qxd2 23. Re7 Qc2 24. Rxb7 Rd1# 0-1

[Event "1st FIDE OWCCCC Pools-East 2021"]
[Site "Online"]
[Date "2021.02.19"]
[Round "3.52"]
[White "Gubareva, Sofia"]
[Black "Kekik, Sinan"]
[Result "1-0"]
[WhiteElo "1480"]
[BlackElo "1611"]
[Annotator "NA RC"]
[PlyCount "65"]
[EventDate "2021.02.19"]
[EventType "team-tourn"]
[EventCountry "NET"]
[SourceTitle "playchess.com"]
[Source "ChessBase"]
[SourceQuality "1"]

1. d4 d5 2. c4 Bf5 3. cxd5 Qxd5 4. Nc3 Qd7 5. e4 Bg6 6. f3 Nc6 7. Be3 O-O-O 8. d5 Ne5 9. Bb5 Qd6 10. a3 a6 11. Be2 Nf6 12. b4 e6 13. f4 Ned7 14. e5 Nxe5 15. fxe5 Qxe5 16. Bd4 Qg5 17. Nf3 Qxg2 18. Rg1 Qh3 19. Bxf6 gxf6 20. b5 a5 21. b6 c6 22. Qa4 exd5 23. Qxa5 Bd6 24. Qa8+ Bb8 25. Rc1 Rhe8 26. Kf2 Be4 27. Nb5 Bxf3 28. Na7+ Kd7 29. Qxb7+ Ke6 30. Qxc6+ Kf5 31. Bxf3 Re5 32. Qc2+ Ke6 33. Bg4+ 1-0

[Event "1st FIDE OWCCCC Pools-East 2021"]
[Site "Online"]
[Date "2021.02.19"]
[Round "3.52"]
[White "Pankaj T P"]
[Black "Maity, Rupesh"]
[Result "0-1"]
[WhiteElo "1120"]
[BlackElo "1483"]
[Annotator "NA RC"]
[PlyCount "66"]
[EventDate "2021.02.19"]
[EventType "team-tourn"]
[EventCountry "NET"]
[SourceTitle "playchess.com"]
[Source "ChessBase"]
[SourceQuality "1"]

1. e4 e5 2. f4 exf4 3. Nf3 Bc5 4. d4 Bb6 5. Bc4 d6 6. Bxf4 h6 7. O-O Nf6 8. Nbd2 Bg4 9. Kh1 Bxd4 10. c3 Bb6 11. a4 a5 12. Bb5+ c6 13. Bc4 O-O 14. Qb3 Bxf3 15. Rxf3 d5 16. e5 dxc4 17. Nxc4 Nd5 18. Bd2 Nd7 19. Raf1 Nc5 20. Qc2 Qe7 21. Nd6 f6 22. exf6 Qxd6 23. fxg7 Rxf3 24. Rxf3 Bc7 25. Rh3 Re8 26. Qd1 Re6 27. Qc1 Nf4 28. Rf3 Ncd3 29. Qf1 Ng6 30. g3 Kxg7 31. Rxd3 Qe7 32. Rf3 Rf6 33. Bxh6+ Kf7 0-1

[Event "1st FIDE OWCCCC Pools-East 2021"]
[Site "Online"]
[Date "2021.02.19"]
[Round "3.52"]
[White "Parag V Karlekar"]
[Black "Hartog, Eduard"]
[Result "0-1"]
[WhiteElo "1117"]
[BlackElo "1496"]
[Annotator "NA RC"]
[PlyCount "112"]
[EventDate "2021.02.19"]
[EventType "team-tourn"]
[EventCountry "NET"]
[SourceTitle "playchess.com"]
[Source "ChessBase"]
[SourceQuality "1"]

1. e4 e6 2. d4 d5 3. e5 c5 4. Nf3 Nc6 5. Bb5 Bd7 6. Bxc6 Bxc6 7. O-O Qb6 8. b3 cxd4 9. Nxd4 Bc5 10. Be3 Qc7 11. Bf4 Ne7 12. a3 O-O 13. b4 Bb6 14. Nc3 Ng6 15. b5 Nxf4 16. bxc6 bxc6 17. Qd2 Bxd4 18. Qxd4 Ng6 19. Rfe1 c5 20. Qf4 Nxf4 21. Nb5 Qb6 22. a4 c4 23. g3 Nh3+ 24. Kg2 Ng5 25. c3 Ne4 26. Re3 a6 27. Nd4 Qb2 28. Rf1 Nxc3 29. Nc6 Ne4 30. Kf3 g5 31. Kg2 h5 32. Ne7+ Kh7 33. Rf3 g4 34. Rf6 Nxf6 35. exf6 Qxf6 36. Nc6 Qf3+ 37. Kg1 c3 38. Nd4 Qd3 39. Nb3 Rfb8 40. Nc1 Qd2 41. Kg2 Rb1 42. Nb3 Rxb3 43. h3 c2 44. hxg4 hxg4 45. Rh1+ Qh6 46. Rxh6+ Kxh6 47. f4 gxf3+ 48. Kh3 Rh8 49. Kg4 Kg6 50. Kf4 c1=Q+ 51. Ke5 Qc7+ 52. Kd4 Rb4+ 53. Kd3 Qc4+ 54. Ke3 Rb3+ 55. Kf2 Qc2+ 56. Kg1 Rb1# 0-1

[Event "1st FIDE OWCCCC Pools-East 2021"]
[Site "Online"]
[Date "2021.02.19"]
[Round "3.52"]
[White "Schmaltz, Julien"]
[Black "Chipade, Pranjali"]
[Result "1-0"]
[WhiteElo "554"]
[BlackElo "476"]
[Annotator "NA RC"]
[PlyCount "37"]
[EventDate "2021.02.19"]
[EventType "team-tourn"]
[EventCountry "NET"]
[SourceTitle "playchess.com"]
[Source "ChessBase"]
[SourceQuality "1"]

1. e4 e5 2. Nf3 c5 3. Bc4 Nf6 4. Nc3 b6 5. Nxe5 Nxe4 6. Nxf7 Qc7 7. Nxh8 Qd8 8. Qh5+ g6 9. Qg4 g5 10. Qh5+ Ke7 11. Nxe4 Bb7 12. Qxg5+ Ke8 13. Nd6+ Bxd6 14. Bf7+ Kf8 15. Qxd8+ Kg7 16. Qg5+ Kf8 17. d3 c4 18. O-O cxd3 19. Re1 1-0

[Event "1st FIDE OWCCCC Pools-East 2021"]
[Site "Online"]
[Date "2021.02.19"]
[Round "3.53"]
[White "Vinod Kumar Sharma"]
[Black "Sanz Varea, Jose M."]
[Result "0-1"]
[WhiteElo "2173"]
[BlackElo "1852"]
[Annotator "TA"]
[PlyCount "68"]
[EventDate "2021.02.19"]
[EventType "team-tourn"]
[EventCountry "NET"]
[SourceTitle "playchess.com"]
[Source "ChessBase"]
[SourceQuality "1"]

1. d4 Nf6 2. c3 d5 3. Bg5 Ne4 4. Na3 Nxg5 5. Rc1 e6 6. h4 Ne4 7. c4 Bb4+ 8. Rc3 Nxc3 9. bxc3 Bxc3+ 10. Qd2 Bxd2+ 11. Kxd2 dxc4 12. Nxc4 Qxd4+ 13. Kc1 Qxc4+ 14. Kd2 Qxa2+ 15. Ke3 O-O 16. Nf3 Nc6 17. h5 e5 18. Rh4 f5 19. h6 g6 20. g4 f4+ 21. Ke4 Qc4+ 22. Nd4 Qxd4+ 23. Kf3 e4+ 24. Kg2 Ne5 25. e3 fxe3 26. g5 Rxf2+ 27. Kg3 Nf3 28. Bg2 Qe5+ 29. Rf4 Qxg5+ 30. Rg4 Rxg2+ 31. Kxg2 Qxg4+ 32. Kf1 Qg1+ 33. Ke2 Qf2+ 34. Kd1 Qd2# 0-1

[Event "1st FIDE OWCCCC Pools-East 2021"]
[Site "Online"]
[Date "2021.02.19"]
[Round "3.53"]
[White "Stojadinov, Svetlana"]
[Black "Mayank Singhania"]
[Result "0-1"]
[WhiteElo "2004"]
[BlackElo "1039"]
[Annotator "TA"]
[PlyCount "76"]
[EventDate "2021.02.19"]
[EventType "team-tourn"]
[EventCountry "NET"]
[SourceTitle "playchess.com"]
[Source "ChessBase"]
[SourceQuality "1"]

1. e4 d5 2. exd5 Nf6 3. Bb5+ Nbd7 4. Nc3 a6 5. Ba4 b5 6. Bb3 Nc5 7. d3 Bb7 8. Nf3 Nxb3 9. axb3 Nxd5 10. Nxd5 Bxd5 11. O-O Bb7 12. Re1 e6 13. Qe2 Qd5 14. c4 Qf5 15. Nd4 Qg6 16. g3 Rd8 17. Be3 c5 18. Nf3 Qxd3 19. Qxd3 Rxd3 20. Ne5 Rxb3 21. cxb5 Rxb5 22. Rac1 Rxb2 23. Bxc5 Bxc5 24. Rxc5 O-O 25. Rc7 Rb5 26. Nc4 Bd5 27. Nd6 Rb2 28. Ra1 h6 29. h3 Rd8 30. Nxf7 Rf8 31. Ne5 Rbxf2 32. Ng6 Rg2+ 33. Kh1 Rxg3+ 34. Kh2 Rxg6 35. h4 Rf2+ 36. Kh3 Bg2+ 37. Kh2 Be4+ 38. Kh3 Bf5# 0-1

[Event "1st FIDE OWCCCC Pools-East 2021"]
[Site "Online"]
[Date "2021.02.19"]
[Round "3.53"]
[White "Osinga, Angelique"]
[Black "Gupta, Shobhit"]
[Result "1-0"]
[WhiteElo "1955"]
[BlackElo "1021"]
[Annotator "TA"]
[PlyCount "83"]
[EventDate "2021.02.19"]
[EventType "team-tourn"]
[EventCountry "NET"]
[SourceTitle "playchess.com"]
[Source "ChessBase"]
[SourceQuality "1"]

1. e4 e5 2. Nf3 Nc6 3. Bc4 Qf6 4. Nc3 Bc5 5. Nd5 Qd6 6. d3 Nf6 7. O-O O-O 8. Bg5 Nxd5 9. Bxd5 Qg6 10. c3 d6 11. d4 Bb6 12. Bh4 Bg4 13. Bxc6 bxc6 14. dxe5 Bh3 15. Bg3 Bg4 16. exd6 cxd6 17. Qxd6 Rad8 18. Qxg6 fxg6 19. Ne5 Bd7 20. Rad1 Be6 21. Nxc6 Rxd1 22. Rxd1 Bxa2 23. Ne7+ Kh8 24. h3 Bc5 25. Nd5 Bxd5 26. exd5 Re8 27. d6 Bb6 28. d7 Rf8 29. Rd2 h5 30. Bh4 Bd8 31. Bxd8 Rxd8 32. c4 a5 33. c5 a4 34. c6 h4 35. c7 Ra8 36. d8=Q+ Rxd8 37. cxd8=Q+ Kh7 38. Qxh4+ Kg8 39. Qe7 Kh7 40. Rd4 a3 41. Rh4+ Kg8 42. Qe8# 1-0